Conocer a Dios

Uloženo v:
Podrobná bibliografie
Hlavní autor: Chopra, Deepak (Autor)
Médium: Kniha
Jazyk:španělština
Vydáno: Barcelona Plaza Janés 2000
Témata:
Tagy: Přidat tag
Žádné tagy, Buďte první, kdo vytvoří štítek k tomuto záznamu!

MARC

LEADER 00000nam a2200000 a 4500
001 UCO6657
003 CL-VaPUC
008 001027e20000000SP |||||||||||||||||spa|d
082 0 4 |a 211  |b CHO  |2 21 
100 0 |a Chopra, Deepak  |e author  |9 451468 
245 1 0 |a Conocer a Dios 
300 |a 333 p 
942 |c BK 
945 |d 20001027 00:00:00  |a vberengu 
260 |a Barcelona  |b Plaza Janés  |c 2000 
600 0 |a Dios  |9 314467 
650 0 |a Misticismo  |9 265505 
650 0 |a Teología   |9 258766 
650 0 |a Vida espiritual  |9 307811 
583 |a last modification  |c 20001027 00:00:00  |k Rodrigo Vera 
999 |c 292134  |d 292132 
952 |0 0  |1 0  |4 0  |6 211_000000000000000_CHO_2000  |7 0  |8 A  |9 342766  |a FDOPOS  |b FDOPOS  |d 2019-11-20  |i 3664252  |o 211 CHO 2000  |p 3664252  |r 2025-01-22  |w 2019-11-20  |y BK  |k MLA